000 01853nam a2200229Ia 4500
003 Ost
005 20260507074910.0
008 260507s9999||||xx |||||||||||||| ||und||
040 _cfsecg
041 _aara
082 _a336
100 _aهلالي، محمد جمال علي
_eمؤلف
245 0 _aمحاسبة المؤسسات المالية :
_bالبنوك التجارية وشركات التأمين /
_c محمد جمال علي هلالي
260 _aعمان:
_bدار المناهج للنشر والتوزيع,
_c2007
300 _a406 صفحة؛
_bإيضاحات ؛
_c25 سم
520 _aالمحاسبة في البنوك التجارية، دور البنوك التجارية في دعم الإقتصاد الوطني، النظام المحاسبي بالبنوك التجارية، قسم الخزينة العامة، قسم الحسابات الجارية، قسم الودائع وصندوق التوفير، قسم الأوراق التجارية، قسم الأوراق المالية، قسم خطابات الضمان، قسم الأعتمادات المستندية، قسم الحسابات العامة، القوائم المالية في البنوك التجارية، محاسبة شركات التأمين، الإطار العام للنظام المحاسبي في شركات التأمين، المخصصات في الشركات التأمين على الحياة، محاسبة عمليات إعادة التأمين، المخصصات في شركات التأمين، استثمارات أموال شركات التأمين، إعداد الحسابات الختامية في شركات التأمين
653 _aالبنوك
653 _aالمالية العامة
653 _aالمحاسبة
700 _aشحادة، عبد الرزاق قاسم
_eمؤلف ثانوي
942 _cكتاب
999 _c41734
_d41734